Notes on the parables of our Lord / (Record no. 4430)

MARC details
000 -LEADER
fixed length control field 00758cam a2200253Ia 4500
001 - CONTROL NUMBER
control field 17315
003 - CONTROL NUMBER IDENTIFIER
control field GBCCL
005 - DATE AND TIME OF LATEST TRANSACTION
control field 20241126110518.0
008 - FIXED-LENGTH DATA ELEMENTS--GENERAL INFORMATION
fixed length control field 890705c19501948miu 000 0 eng d
035 ## - SYSTEM CONTROL NUMBER
System control number (OCoLC)19961846
040 ## - CATALOGING SOURCE
Original cataloging agency AHS
Transcribing agency AHS
Modifying agency PGC
-- LBB
049 ## -
-- LBBK
-- LBBC
082 ## - DEWEY DECIMAL CLASSIFICATION NUMBER
Classification number 226.8
Item number TRE
090 ## - LOCALLY ASSIGNED LC-TYPE CALL NUMBER (OCLC); LOCAL CALL NUMBER (RLIN)
Classification number (OCLC) (R) ; Classification number, CALL (RLIN) (NR) BT375
Local cutter number (OCLC) ; Book number/undivided call number, CALL (RLIN) .T7 1950
100 1# - MAIN ENTRY--PERSONAL NAME
Personal name Trench, Richard Chenevix,
Dates associated with a name 1807-1886
9 (RLIN) 8297
245 10 - TITLE STATEMENT
Title Notes on the parables of our Lord /
Statement of responsibility, etc. by Richard Chenevix Trench.
250 ## - EDITION STATEMENT
Edition statement Popular ed., 2d ed.
260 ## - PUBLICATION, DISTRIBUTION, ETC.
Place of publication, distribution, etc. Grand Rapids, Mich. :
Name of publisher, distributor, etc. Baker Book House,
Date of publication, distribution, etc. 1980, c1948.
300 ## - PHYSICAL DESCRIPTION
Extent 211 p. ;
Dimensions 20 cm.
520 ## - SUMMARY, ETC.
Summary, etc. Lloyd M. Perry Collection.
600 00 - SUBJECT ADDED ENTRY--PERSONAL NAME
Personal name Jesus Christ
General subdivision Parables.
9 (RLIN) 2282
740 0# -
-- Parables of our Lord.
942 ## - ADDED ENTRY ELEMENTS (KOHA)
Source of classification or shelving scheme Dewey Decimal Classification
Koha item type Books
Koha issues (borrowed), all copies 3
Holdings
Withdrawn status Lost status Source of classification or shelving scheme Damaged status Not for loan Home library Current Library Shelving location Date acquired Total checkouts Total renewals Full call number Barcode Date last seen Date last checked out Copy number Price effective from Koha item type
    Dewey Decimal Classification     GRACE BIBLE COLLEGE GRACE BIBLE COLLEGE Biblical Studies 2018-01-22 3 1 226.8 TRE 013288 2025-05-01 2024-07-12 c.1 2018-01-22 Books
© Grace Bible College Library 2025